000 00638nam a2200217Ia 4500
003 GCL
008 140319s9999 xx 000 0 ara d
040 _aGCL /
_cGCL
082 0 4 _a153.1
_bد ا
100 1 _aديشين، اندرية، جاك
245 1 0 _aاستيعاب النصوص وتاليفها /
_cديشين، اندرية، جاك
700 1 _aهيثم لمع
260 _a[S.N] :
_bالمؤسسة الحديثة للكتاب ،
_c1991
300 _a166 ص
490 _a
650 0 4 _aالكتابة
650 0 4 _aالنص الادبى
650 0 4 _aالمعرفة
650 0 4 _aالتأليف
942 _2ddc
_cBK
999 _c31557
_d31557